| 000 | 00684nam a2200229 u 4500 | ||
|---|---|---|---|
| 005 | 20240831063802.0 | ||
| 008 | 141204s2003 r 000 0 eng d | ||
| 020 | _a9688906336 (Diana) | ||
| 020 | _a8466203842 (LIBSA) | ||
| 035 | _aUPN01000201002 | ||
| 049 | _aCG | ||
| 050 | 4 |
_aPZ78 _bL3.85 |
|
| 100 | 1 |
_aLalanne, Eva M. _936721 |
|
| 245 | 1 | 0 |
_aUn montón de (espantosos) ogros / _cEva M. Lalanne ; il. de José Luis Tellería. |
| 260 |
_aMadrid : _bLIBSA : _bDiana, _c2003. |
||
| 300 |
_a45 p. : _bil. |
||
| 440 | 0 | _aAterradores | |
| 650 | 4 |
_aCuentos infantiles españoles _97725 |
|
| 650 | 4 |
_aLibros y lectura para niños _92290 |
|
| 905 | _aInfantil | ||
| 999 |
_c173103 _d173103 |
||